UBT Library

The American Surgeon (Record no. 60755)

000 -LEADER
fixed length control field 00281nam a22001217a 4500
008 - FIXED-LENGTH DATA ELEMENTS--GENERAL INFORMATION
fixed length control field 260116b ||||| |||| 00| 0 eng d
041 ## - LANGUAGE CODE
Language code of text/sound track or separate title eng
080 ## - UNIVERSAL DECIMAL CLASSIFICATION NUMBER
Field link and sequence number 005
Universal Decimal Classification number 005
100 ## - Rafti
Rafti 02
101 ## - Shkurtesa
Shkurtesa med
245 ## - TITLE STATEMENT
Title The American Surgeon
Statement of responsibility, etc Christopher R. McHenry MD
942 ## - ADDED ENTRY ELEMENTS (KOHA)
Source of classification or shelving scheme
Item type Books

No items available.

UBT Library © 2015-2024. All rights reserved University Education for Business and Technology